[Event "47th GER-ch Blitz 2020"]
[Site "Magdeburg"]
[Date "2020.08.15"]
[Round "4.12"]
[White "Bluebaum, Matthias"]
[Black "Ehmann, Thilo"]
[Result "1-0"]
[WhiteElo "2647"]
[BlackElo "2329"]
[Annotator "TA"]
[PlyCount "77"]
[EventDate "2020.07.28"]
[EventType "tourn"]
[EventCountry "GER"]
[SourceTitle "playchess.com"]
[Source "ChessBase"]
[SourceQuality "1"]

{[%evp 24,77,133,138,168,162,223,223,229,230,237,220,249,262,405,413,431,425,475,472,494,504,491,458,495,492,600,595,607,592,615,497,498,488,538,528,563,568,576,518,636,619,854,852,915,859,1036,1045,1070,1016,29986,29987,29987,29988,29987,29987]} 1. d4 Nf6 2. c4 g6 3. Nc3 Bg7 4. e4 O-O 5. Nf3 d6 6. Be2 e5 7. Be3 Nc6 8. d5 Ne7 9. Nd2 Nd7 10. b4 f5 11. f3 Nf6 12. c5 f4 13. Bf2 g5 {E92: King's Indian: Classical: 6 Be2 e5: 7 dxe5, 7 Be3 and Petrosian System without 7...Nbd7.} 14. Nc4 h5 (14... b6 {keeps fighting.} 15. a4 Ne8) 15. cxd6 $18 cxd6 {White is clearly better.} 16. Nb5 Ne8 17. Nxa7 Bd7 18. Nb6 {[#]} Rxa7 $146 (18... Rb8 $142 19. a4 Ng6) ({Predecessor:} 18... Rb8 19. O-O Nf6 20. Nxd7 Qxd7 21. Bb6 Nc8 22. Nxc8 Rbxc8 23. Rc1 g4 24. Qd2 h4 25. fxg4 Nxg4 {1-0 (73) Tsvetkov,A (2129)-Babicka,M (2005) Pardubice 2017}) 19. Nxd7 Ra3 20. Nxf8 Bxf8 21. O-O Nf6 22. Qc1 Ra8 23. Qd2 Qe8 24. Rfc1 Qg6 25. Rc7 g4 26. Bh4 Ra3 27. Bxf6 Qxf6 28. Rc3 Ra8 29. a4 {[%cal Ba2a4,Ba4a5][%mdl 32]} Ng6 30. a5 Qg5 31. Rac1 Nh4 32. Kh1 gxf3 33. Bxf3 Re8 34. Rc8 Re7 35. R1c7 Rxc7 36. Rxc7 Nxf3 37. gxf3 {White mates.} Qh4 38. Qg2+ Kh8 {[#]} 39. Rc8 $1 {Black got outplayed after the opening. Accuracy: White = 96%, Black = 30%.} 1-0

[Event "47th GER-ch Blitz 2020"]
[Site "Magdeburg"]
[Date "2020.08.15"]
[Round "4.13"]
[White "Weller, Manuel"]
[Black "Braun, Georg"]
[Result "0-1"]
[WhiteElo "2237"]
[BlackElo "2360"]
[Annotator "TA"]
[PlyCount "79"]
[EventDate "2020.07.28"]
[EventType "tourn"]
[EventCountry "GER"]
[SourceTitle "playchess.com"]
[Source "ChessBase"]
[SourceQuality "1"]

{[%evp 15,79,-10,-13,-8,-3,-16,48,0,33,33,24,0,39,41,24,9,25,13,99,37,44,52,68,9,12,9,24,5,17,9,14,0,0,0,0,-219,-3,-4,0,0,5,-2,128,-57,-10,-15,-11,-24,68,69,67,17,182,177,168,0,0,0,0,0,0,-50,-59,-290,-271,-648]} 1. c4 c5 2. g3 Nc6 3. Bg2 g6 4. Nf3 Bg7 5. Nc3 d6 6. O-O Nf6 7. e3 O-O 8. d4 Bg4 9. h3 {E65: King's Indian: Fianchetto: 6...c5 7 0-0 without d5 by White.} Bxf3 10. Bxf3 Rc8 (10... Nd7 $11) 11. b3 {White is slightly better.} Nd7 {[%cal Rc5d4] [#]} 12. Ne2 $146 ({Predecessor:} 12. Bxc6 bxc6 13. Bb2 Qc7 14. d5 Rfe8 15. Qe2 Qb7 16. Rad1 cxd5 17. Nxd5 Ne5 18. f4 {½-½ (60) Manzone,A (2091)-Toniutti,E Esperanza 2002}) 12... e5 {[%cal Rc5d4]} 13. Bb2 exd4 14. exd4 Re8 15. Bg2 Qf6 {[%cal Rc5d4]} 16. Rb1 {[%cal Ba1b1,Bb1b2,Bb2d2,Bd2d6][%mdl 32]} Qf5 (16... cxd4 $11 17. Bxc6 bxc6) 17. dxc5 (17. d5 $16 {Strongly threatening g4.} Nb4 18. Bxg7 Kxg7 19. Nc3) 17... Bxb2 18. Rxb2 dxc5 19. g4 (19. Nc3 $14) 19... Qf6 $11 20. Rd2 Nf8 21. Rd6 Qe5 22. Ng3 Rcd8 (22... Ne6 {feels hotter.} 23. Re1 Qf4 24. Re4 Qf6 25. Re3 Rcd8) 23. Rd5 Rxd5 24. Qxd5 Qe7 25. Rd1 $2 (25. f4 $11) 25... Ne6 $2 (25... Rd8 $19 26. Qf3 Nd4) 26. Qe4 Rd8 27. Rd5 Ncd4 28. Kh2 Rd6 {[#]} (28... b6 $11) 29. Ne2 $2 (29. Rxc5 $1 $16 {[%mdl 512]} Ra6 (29... Nxc5 30. Qxe7) 30. Rd5) 29... Nxe2 30. Qxe2 Qc7 {...Rxd5+ is the strong threat.} 31. Kg1 Qd7 ({Black should play} 31... Rxd5 $11 32. Bxd5 Nf4) 32. Qe5 $1 $14 Rxd5 33. Bxd5 Nd4 $2 (33... b6 $11) 34. Qb8+ $18 {[%mdl 64] [#] Double Attack} Kg7 35. Qe5+ $2 ({Don't take} 35. Qxb7 $6 Qxb7 36. Bxb7 Kf6 $14) ({Weaker is} 35. Bxb7 Ne2+ 36. Kg2 Qd4 $11) (35. Qxa7 $18 Qe7 36. Qxb7) 35... f6 36. Qb8 {[%mdl 64] Double Attack} b6 $1 37. Qa8 Ne2+ 38. Kf1 Nf4 39. a4 $2 ({Better is} 39. Qb8 $1 $15 Nxh3 40. f3) 39... Nxh3 $19 40. Ke2 $2 {What a bad dream for White. Accuracy: White = 57%, Black = 55%.} (40. Qb7 Qxb7 41. Bxb7) 0-1

[Event "47th GER-ch Blitz 2020"]
[Site "Magdeburg"]
[Date "2020.08.15"]
[Round "4.14"]
[White "Voege, Tobias"]
[Black "Siebrecht, Sebastian"]
[Result "0-1"]
[WhiteElo "2326"]
[BlackElo "2429"]
[Annotator "TA"]
[PlyCount "82"]
[EventDate "2020.07.28"]
[EventType "tourn"]
[EventCountry "GER"]
[SourceTitle "playchess.com"]
[Source "ChessBase"]
[SourceQuality "1"]

{[%evp 13,82,14,43,19,31,45,48,55,60,71,100,85,166,117,122,121,154,107,116,122,120,111,141,105,162,174,174,116,127,135,166,150,154,110,176,192,176,0,0,0,0,-7,35,-66,-29,-38,-23,-26,-13,-14,-10,-9,83,46,166,149,967,925,29995,-29989,-29990,-29990,-29991,-29991,-29992,-29992,-29993,-29993,-29994,-29994,-29995]} 1. d4 g6 2. c4 Bg7 3. Nc3 d6 4. Nf3 Nf6 5. Bg5 O-O 6. e3 c5 7. d5 {now supersedes 7.Be2.} a6 8. a4 {E61: King's Indian: Early deviations for White, including Smyslov System.} e6 9. Nd2 h6 10. Bh4 {White is slightly better.} g5 11. Bg3 exd5 12. cxd5 {[#]} Qe7 $146 (12... Nbd7 $16) ({Predecessor:} 12... Qc7 13. Be2 Re8 14. Nc4 Bf8 15. Qc2 Nbd7 16. e4 Nb6 17. Ne3 Nbd7 18. Nc4 Rb8 {0-1 (43) Herrmann,O (1758)-Lee,A (1792) Adelaide 2016}) 13. Be2 Nbd7 14. Nc4 Ne8 15. O-O f5 {...f4 is the strong threat.} 16. f4 $1 Rb8 17. a5 b5 18. axb6 $1 Nxb6 {[#]} (18... Bxc3 $16 19. bxc3 Nxb6) 19. Na5 $1 $18 Bd7 {[#]} 20. Bxa6 (20. Nc6 $1 $18 {[%cal Rc6e7]} Bxc6 21. dxc6) 20... Qxe3+ 21. Bf2 Qxf4 {[#]} 22. Bxc5 $1 {[%mdl 512]} Qe5 (22... dxc5 23. Rxf4) 23. Re1 Qf6 (23... Qf4 $16 {keeps fighting.} 24. Rf1 Qh4) 24. Bf2 Nc7 25. Bb7 $2 (25. Nc6 $18 {Black must now prevent Bd4.} Bxc6 26. dxc6) 25... Nc4 $1 $36 {[%cal Rc4a5][%mdl 2048] White is under pressure.} 26. Nxc4 Rxb7 27. Ne2 Nb5 28. Ra6 ({White should play} 28. Na5 $14 Rc7 29. Nc6) 28... f4 {aiming for ...f3.} (28... Rc7 $5 {[%cal Rc7c4]} 29. Nxd6 Nxd6 $17) 29. Nc3 Nxc3 30. bxc3 Qxc3 31. Nxd6 Rb2 {Threatens to win with ...Rxf2!} 32. Ne4 $1 {[%cal Re4c3]} Qc4 (32... Qc2 $11 {remains equal.}) 33. Ra7 Rxf2 (33... Rd8 $1 $14) 34. Nxf2 $18 Bd4 $2 {[%mdl 8192]} (34... Rf7 $16) 35. Rxd7 Rb8 36. Qe2 $4 {[%mdl 8192]} (36. Qh5 {avoids the disaster.} Bxf2+ 37. Kh1 Qf1+ 38. Rxf1 Kh8 39. Qxh6+ Kg8 40. Qg7#) 36... Qxe2 {[%cal Re2e1] Black mates.} 37. Rd8+ {[#]} Kf7 $1 {[%cal Re2e1]} 38. Rd7+ {[#]} Kg6 $1 {[%cal Re2e1]} 39. Rd6+ {[#]} Kf5 $1 {[%cal Re2e1]} 40. g4+ Qxg4+ $1 41. Kf1 {[#]} Qf3 $1 {Accuracy: White = 66%, Black = 39%.} 0-1

[Event "47th GER-ch Blitz 2020"]
[Site "Magdeburg"]
[Date "2020.08.15"]
[Round "4.15"]
[White "Holtel, Jasper"]
[Black "Langrock, Hannes"]
[Result "1/2-1/2"]
[WhiteElo "2305"]
[BlackElo "2346"]
[Annotator "TA"]
[PlyCount "46"]
[EventDate "2020.07.28"]
[EventType "tourn"]
[EventCountry "GER"]
[SourceTitle "playchess.com"]
[Source "ChessBase"]
[SourceQuality "1"]

{[%evp 9,46,9,17,0,0,0,10,0,5,18,24,23,34,14,45,45,43,47,44,22,40,21,27,22,23,0,25,0,0,0,0,0,8,-6,-19,-46,-44,-75,-73]} 1. e4 c5 2. d4 cxd4 3. c3 Nf6 4. e5 Nd5 5. Nf3 d6 6. exd6 {B22: Sicilian: 2 c3.} e6 7. Nxd4 {[#] c4 is the strong threat.} Bxd6 8. g3 {The position is equal.} O-O 9. Bg2 a6 10. O-O Qc7 11. Nd2 Nc6 12. Nxc6 bxc6 {[#]} 13. c4 $146 ({Predecessor:} 13. Ne4 Be7 14. c4 Nf6 15. Bg5 Nxe4 16. Bxe7 Qxe7 17. Bxe4 Qc5 18. Qd3 g6 19. Rfd1 {0-1 (36) Romero Barreto,J (2289)-Aguilera Rodriguez,A (2353) Varadero 2016}) 13... Nf6 14. Qc2 a5 15. Rd1 Rb8 16. Nf3 {[#] Threatens to win with c5.} c5 17. Bg5 h6 18. Bxf6 gxf6 19. Rd2 Be7 20. Rad1 f5 21. b3 Bf6 22. Rd3 a4 {[%cal Ba5a4,Ba4b3][%mdl 32]} 23. h3 axb3 {Accuracy: White = 85%, Black = 94%.} 1/2-1/2

[Event "47th GER-ch Blitz 2020"]
[Site "Magdeburg"]
[Date "2020.08.15"]
[Round "5.1"]
[White "Langrock, Hannes"]
[Black "Donchenko, Alexander"]
[Result "1-0"]
[WhiteElo "2346"]
[BlackElo "2646"]
[Annotator "TA"]
[PlyCount "91"]
[EventDate "2020.07.28"]
[EventType "tourn"]
[EventCountry "GER"]
[SourceTitle "playchess.com"]
[Source "ChessBase"]
[SourceQuality "1"]

{[%evp 20,91,21,15,13,11,20,28,36,-23,-21,-22,-14,-56,-50,-43,-17,-80,-66,-62,0,0,0,0,0,0,41,31,38,37,22,73,97,94,123,10,10,2,15,8,4,0,0,-1414,238,60,1985,-1220,1920,1901,1850,1593,29980,29981,29981,29982,29982,29983,29983,29984,29984,29983,29994,29995,29996,29997,29997,29995,29996,29997,29997,29996,29997,29991]} 1. d4 Nf6 2. c4 e6 3. g3 c5 4. Nf3 cxd4 5. Nxd4 d5 6. Bg2 e5 7. Nf3 d4 8. O-O Nc6 9. e3 Be7 10. exd4 exd4 11. Bf4 Be6 {E01: Catalan: Early deviations.} 12. Ne5 Rc8 13. Nxc6 bxc6 {White has an edge.} 14. Qa4 (14. Be5 $1 $14) 14... Qb6 $11 15. Nd2 O-O {[#]} 16. Nb3 $146 ({Predecessor:} 16. Nf3 c5 17. Rfe1 Rfe8 18. Ne5 Bd6 19. Qc2 g6 20. b3 Bf5 21. Qd2 g5 22. Nxf7 Kxf7 23. Bxg5 {0-1 (33) Elwood,D (1772)-Ramsden,J (2022) ICCF email 2012}) 16... c5 17. Rfe1 Rfe8 18. Bd2 (18. Nd2 $11 {remains equal.}) 18... Bd7 19. Qa3 Bc6 (19... h6 $15) 20. Bxc6 Qxc6 {[#]} 21. Nxd4 $1 {[%mdl 512]} cxd4 22. Rxe7 Ne4 23. Bf4 g5 24. Re1 Rxe7 $1 25. Qxe7 {[%mdl 64] Double Attack} Re8 26. Qc7 Qf6 27. f3 (27. Qb7 $16) 27... gxf4 28. Rxe4 Rxe4 29. fxe4 {[%mdl 4096] Endgame Black must now prevent Qb8+. KQ-KQ} f3 30. Qc8+ Kg7 31. Qh3 $2 {[%mdl 8192] [#]} (31. Qg4+ $11 Kf8 32. e5 Qxe5 33. Qxf3) 31... Kg6 $4 {[%mdl 8192] [#]} (31... Qg5 $1 $19 {[%mdl 512] ( -> ...Qe3+)} 32. Qf1 Qe3+ {[%mdl 64] Double Attack} 33. Qf2 Qxe4) 32. Qg4+ $2 (32. Kf2 $1 $18) 32... Qg5 $2 {[%mdl 8192]} (32... Kh6 $14) 33. Qxg5+ $18 Kxg5 {KP-KP} 34. Kf2 Kg4 {[#]} 35. h3+ $1 {[%mdl 512]} Kxh3 36. Kxf3 {White mates.} d3 37. Ke3 Kxg3 38. c5 h5 39. c6 h4 40. c7 h3 41. c8=Q h2 42. Qg8+ Kh3 43. Qh7+ Kg2 44. Qg7+ Kf1 45. Qh6 d2 46. Kxd2 {Accuracy: White = 67%, Black = 62%.} 1-0

[Event "47th GER-ch Blitz 2020"]
[Site "Magdeburg"]
[Date "2020.08.15"]
[Round "5.2"]
[White "Siebrecht, Sebastian"]
[Black "Holtel, Jasper"]
[Result "1-0"]
[WhiteElo "2429"]
[BlackElo "2305"]
[Annotator "TA"]
[PlyCount "56"]
[EventDate "2020.07.28"]
[EventType "tourn"]
[EventCountry "GER"]
[SourceTitle "playchess.com"]
[Source "ChessBase"]
[SourceQuality "1"]

{[%evp 9,56,8,41,0,0,0,42,50,74,79,131,80,248,205,180,155,158,120,153,153,156,120,268,262,667,662,641,599,832,854,818,812,918,902,988,986,2783,1118,1153,1144,5211,4906,1661,1361,29980,1260,29992,29992,29995]} 1. Nf3 Nf6 2. c4 g6 3. Nc3 d5 4. cxd5 Nxd5 5. h4 Bg7 6. h5 {A16: English Opening: 1...Nf6 with ...d5.} Nc6 7. e4 Nxc3 8. bxc3 {[#] White is slightly better.} O-O $146 ({Predecessor:} 8... e5 9. Ba3 Bg4 10. Qb3 Bf8 11. hxg6 fxg6 12. Qxb7 Bd7 13. Bxf8 Kxf8 14. Bb5 Rb8 {1-0 (28) Yuffa,D (2502)-Praggnanandhaa,R (2429) Pardubice 2016}) 9. d4 b6 ({Better is} 9... e5) 10. Be3 (10. hxg6 $142 hxg6 11. Bg5) 10... Bb7 $2 (10... Bg4 $16 {was necessary.}) 11. hxg6 hxg6 12. Qd2 $36 {[%mdl 2048] Hoping for Bh6. White has strong initiative.} e5 13. d5 Na5 14. c4 {[%cal Bc3c4,Bc4c5][%mdl 32]} Ba6 15. Rc1 {Bh6 is the strong threat.} c6 {[#]} (15... Re8 $16) 16. Bh6 $1 $18 Qf6 $2 (16... Bf6 17. Bxf8 Kxf8) 17. Bg5 Qd6 18. c5 $1 {[%cal Rc5d6][%mdl 64] Discovered Attack} bxc5 {Now ...Bxf1 and Black clings on.} 19. Bxa6 cxd5 20. Qxa5 dxe4 21. Nd2 Qd5 22. Bc4 Qd4 23. Be3 Qd7 24. Nxe4 Rfd8 25. Ng5 Rf8 26. Qxc5 Bf6 27. Qd5 (27. Rd1 $142 Qf5 28. Nxf7 Bh4 {[#]} 29. Nh6+ $1 {[%mdl 576] Double Attack, Discovered Attack (Double check)} Kg7 30. Nxf5+ Rxf5 31. Rxh4 Kf6 32. Qc6+ {[%mdl 64] Double Attack} Kg7 33. Qd7+ {[%mdl 64] Double Attack} Kf8 34. Rh8#) 27... Qe7 28. Nxf7 Kg7 {Accuracy: White = 71%, Black = 27%.} 1-0

[Event "47th GER-ch Blitz 2020"]
[Site "Magdeburg"]
[Date "2020.08.15"]
[Round "5.3"]
[White "Braun, Georg"]
[Black "Voege, Tobias"]
[Result "1-0"]
[WhiteElo "2360"]
[BlackElo "2326"]
[Annotator "TA"]
[PlyCount "87"]
[EventDate "2020.07.28"]
[EventType "tourn"]
[EventCountry "GER"]
[SourceTitle "playchess.com"]
[Source "ChessBase"]
[SourceQuality "1"]

{[%evp 32,87,54,53,55,49,60,42,58,58,55,48,52,49,58,56,76,39,82,61,116,112,100,83,129,133,165,69,69,70,70,70,81,74,70,76,90,29,47,19,25,39,15,0,0,-13,-13,-13,-14,-36,-31,-100,-41,-57,-30,-31,29990,29991]} 1. e4 c5 2. Nf3 Nc6 3. d4 cxd4 4. Nxd4 g6 5. c4 Bg7 6. Be3 Nf6 7. Nc3 O-O 8. Be2 d6 9. O-O Nxd4 10. Bxd4 a5 11. Qd2 Bd7 12. f3 Bc6 13. b3 Nd7 14. Be3 Nc5 15. Rab1 Qb6 16. Rfc1 Rfc8 17. Bf1 Qd8 {B38: Sicilian: Maroczy Bind with 5...Bg7 and 7...0-0.} 18. Bg5 h5 19. Kh1 Kh7 {White is slightly better.} 20. Re1 Qf8 21. Nd5 Bxd5 22. exd5 {[#]} Rc7 $146 ({Predecessor:} 22... Re8 23. Re2 Bh6 24. Rbe1 Bxg5 25. Qxg5 e5 26. dxe6 fxe6 27. Rd2 e5 28. Bd3 Nxd3 29. Rxd3 {½-½ (40) Grechanovskaya,E (2138)-Schirm,F (2303) Bad Zwesten 2001}) 23. Be3 Qh8 {Black wants to play ...Bc3.} 24. Re2 (24. Bxc5 $5 dxc5 25. Qf4 $16 {[%mdl 64] Double Attack}) 24... a4 25. b4 Bc3 (25... Nd7 $14) 26. Qd1 $16 Nd7 27. Rc2 Bf6 28. c5 Rac8 {[%cal Rd6c5] [#]} 29. Bb5 (29. c6 $1 $18) 29... dxc5 $14 30. Bxd7 $1 Rxd7 31. bxc5 Qd8 32. Rd2 Qa5 33. Rd3 a3 34. h3 ({White should try} 34. Qc2 $16) 34... Bb2 $11 35. Qb3 Rxc5 36. Bxc5 Qxc5 37. Rbd1 b5 {[%cal Bb7b5,Bb5b4][%mdl 32]} 38. R3d2 b4 39. Re2 Qd6 40. Qd3 Bc3 41. Qe4 (41. Re4 $15) 41... Kg7 (41... e6 $1 $17) 42. Rd3 e6 43. dxe6 Qe7 $2 {[%mdl 8192] [#]} (43... Qxd3 $15 44. exd7 Qxd7) 44. Rxd7 {Accuracy: White = 75%, Black = 68%.} 1-0

[Event "47th GER-ch Blitz 2020"]
[Site "Magdeburg"]
[Date "2020.08.15"]
[Round "5.4"]
[White "Ehmann, Thilo"]
[Black "Weller, Manuel"]
[Result "0-1"]
[WhiteElo "2329"]
[BlackElo "2237"]
[Annotator "TA"]
[PlyCount "80"]
[EventDate "2020.07.28"]
[EventType "tourn"]
[EventCountry "GER"]
[SourceTitle "playchess.com"]
[Source "ChessBase"]
[SourceQuality "1"]

{[%evp 16,80,11,7,20,8,1,0,0,-16,12,0,0,-8,28,3,13,-8,-14,-205,-209,-284,-177,-209,-100,-110,-133,-130,-122,-171,-132,-122,-129,-156,-52,-212,-210,-552,-82,-121,-57,-5481,-5469,-5469,-1002,-2573,-2485,-2164,-1659,-2308,-1143,-5473,-1531,-2571,-1513,-29975,-29969,-29977,-1314,-29987,-29977,-29980,-29981,-29984,-29985,-29998,-29999]} 1. e4 c6 2. d4 d5 3. Nc3 dxe4 4. Nxe4 Bf5 5. Ng3 Bg6 6. Nf3 e6 7. h4 h6 8. Bd3 Bxd3 9. Qxd3 Nf6 {B19: Classical Caro-Kann: 4...Bf5 main line.} 10. Bd2 Be7 11. O-O-O O-O {[#] The position is equal.} 12. Ng5 $146 ({Predecessor:} 12. Kb1 c5 13. Ne4 Nbd7 14. dxc5 Nxc5 15. Nxf6+ Bxf6 16. Qc4 Qb6 17. c3 Rac8 18. Be3 {1-0 (58) Polgar,J (2696)-Mamedyarov,S (2753) Geneve 2013}) 12... c5 13. N3e4 {Intending Nxf6+ and mate.} Nbd7 $1 (13... hxg5 $2 14. hxg5 Nh5 15. Rxh5 $18) 14. dxc5 $1 Nxe4 (14... hxg5 $2 15. hxg5 Ng4 16. Qh3 $18) 15. Qxe4 {[%csl Gg5][%cal Re4h7]} Nf6 $1 {[%cal Rf6e4]} ({Don't go for} 15... hxg5 $2 16. hxg5 f5 17. Qxe6+ Rf7 18. g6 $18) 16. Qe2 Qd5 17. Be3 $2 (17. Kb1 $1 $11 {and White is okay.}) 17... Qxa2 $19 {Strongly threatening ...Rad8.} 18. c3 Rad8 ({Inferior is} 18... hxg5 19. hxg5 Qa1+ 20. Kc2 $11) 19. Bd4 Rd5 ({And not} 19... hxg5 20. hxg5 Rxd4 21. cxd4 $11) (19... Nd7 $1 $19 {has better winning chances.} 20. Nf3 Nxc5 21. Bxc5 Bxc5) 20. Bxf6 $17 Bxf6 21. Ne4 Be7 $1 22. c4 Rdd8 23. Kc2 {Ra1 is the strong threat.} Qa4+ $40 {[%mdl 128] Black is out for blood.} 24. Kb1 Qa5 (24... Qc6 $17 25. Qe3 b6 26. cxb6 axb6 27. Rxd8 Rxd8) 25. Nd6 $2 (25. g4 $1 $15) 25... Qxc5 $19 26. Nxb7 $2 (26. Ne4 {is more resistant.} Qb4 27. h5) 26... Qf5+ $2 (26... Rxd1+ $19 {is more deadly.} 27. Rxd1 Qc7) 27. Ka2 Rb8 (27... Rc8 $17 {And now ...Rc6 would win.} 28. Rd7 Rfe8) 28. Na5 $2 {[%mdl 8192]} (28. Rd7 $15 Rfe8 29. g4) 28... Qxa5+ 29. Kb1 Qf5+ 30. Kc1 Bf6 31. Rd2 Rfc8 32. Rc2 Qc5 33. g4 Rb4 34. g5 hxg5 35. hxg5 Bxg5+ 36. Kb1 {[#]} Bf6 (36... Qf5 $142 $1 37. f4 Rbxc4 38. Qh2 Bh6 39. Rhc1 Bxf4 {[%mdl 64] Double Attack} 40. Qf2 g5 41. Qf3 Rxc2 42. Rxc2 Rxc2 43. Ka2 {[#]} Rxb2+ $1 {[%mdl 512]} 44. Kxb2 Bc1+ $1 {[%mdl 576] Discovered Attack} 45. Kxc1 Qxf3 46. Kd2 g4 47. Ke1 g3 48. Kd2 g2 49. Kc2 g1=Q 50. Kb2 Qh2+ 51. Kc1 Qfh1#) 37. Qf3 Rxc4 {Black mates.} 38. Qh3 Kf8 39. Rxc4 Qxc4 40. Qf3 Qc2+ {[%mdl 64] Double Attack. Accuracy: White = 39%, Black = 35%.} 0-1

[Event "47th GER-ch Blitz 2020"]
[Site "Magdeburg"]
[Date "2020.08.15"]
[Round "5.5"]
[White "Baskin, Robert"]
[Black "Bluebaum, Matthias"]
[Result "0-1"]
[WhiteElo "2390"]
[BlackElo "2647"]
[Annotator "TA"]
[PlyCount "56"]
[EventDate "2020.07.28"]
[EventType "tourn"]
[EventCountry "GER"]
[SourceTitle "playchess.com"]
[Source "ChessBase"]
[SourceQuality "1"]

{[%evp 18,56,0,0,0,-48,-48,-51,-35,-52,13,-2,-6,-88,-81,-88,-75,-160,-163,-195,-181,-241,-245,-237,-250,-356,-356,-356,-356,-541,-536,-784,-815,-796,-788,-789,-764,-1190,-711,-720,-721]} 1. e4 e6 2. d4 d5 3. e5 c5 4. c3 Qb6 5. Nf3 Nc6 6. a3 c4 7. Nbd2 Na5 8. Be2 Bd7 9. O-O Ne7 10. Qc2 Nf5 {C02: French: Advance Variation.} 11. g4 Ne7 12. Ng5 h6 {Black is slightly better.} 13. Nh7 $1 {[#]} h5 $146 (13... O-O-O $15) ({Predecessor:} 13... Ng6 14. Nxf8 Rxf8 15. f4 O-O-O 16. Rb1 Nb3 17. Nxb3 cxb3 18. Qd3 Kb8 19. Be3 Ne7 {1-0 (39) Capellades Subirana,M (2259)-Rojas Fernandez,A (1982) Barcelona 2017}) 14. Nxf8 $11 Rxf8 15. h3 (15. gxh5 $11 {remains equal.} O-O-O 16. Rb1) 15... hxg4 $17 16. hxg4 O-O-O 17. f4 (17. Nf3 $142) 17... f6 18. Nf3 Nb3 19. Rb1 {[#]} (19. Ra2 {was called for.}) 19... Be8 $1 $19 {[%cal Re8g6] Strongly threatening ...Bg6.} 20. Be3 Bg6 21. f5 (21. Qd1 {was worth a try.}) 21... exf5 22. Nh4 fxe5 {Hoping for ...f4.} 23. gxf5 {[#]} (23. Bg5 {was necessary.} exd4 24. Bxc4 dxc4 25. Bxe7) 23... Bxf5 $1 {[%mdl 512] Black is clearly winning.} 24. Qd1 (24. Rxf5 Nxf5) 24... Bxb1 25. Qxb1 exd4 26. Bg4+ Kb8 27. cxd4 Ka8 {...Nd2! is the strong threat.} 28. Qe1 Nc6 {Accuracy: White = 33%, Black = 78%.} 0-1

[Event "47th GER-ch Blitz 2020"]
[Site "Magdeburg"]
[Date "2020.08.15"]
[Round "5.6"]
[White "Barzen, Pascal"]
[Black "Braeuning, Rudolf Wilhelm"]
[Result "1/2-1/2"]
[WhiteElo "2321"]
[BlackElo "2244"]
[Annotator "TA"]
[PlyCount "85"]
[EventDate "2020.07.28"]
[EventType "tourn"]
[EventCountry "GER"]
[SourceTitle "playchess.com"]
[Source "ChessBase"]
[SourceQuality "1"]

{[%evp 14,84,0,-8,33,33,35,37,84,68,86,86,87,27,56,17,40,-81,-74,-252,-247,-287,-287,-289,-208,-210,-210,-208,-187,-195,-178,-231,-229,-230,-210,-297,-297,-297,-170,-170,-172,-185,-172,-172,-84,-82,-79,-72,-36,-36,-36,-36,0,-36,0,-10,41,41,41,45,45,37,89,0,294,281,478,458,29992,29993,29993,29994,29999]} 1. e4 c5 2. Nc3 Nc6 3. g3 g6 4. Bg2 Bg7 5. d3 Rb8 6. f4 b5 7. Nf3 d6 (7... b4 8. Ne2 e6 9. O-O Nge7 10. g4 d5 11. Ng3 dxe4 12. Nxe4 O-O 13. Kh1 Qa5 14. Be3 Bxb2 15. Nxc5 Nd5 16. Bf2 Nxf4 17. Rb1 Bg7 18. Qd2 Nxg2 19. Kxg2 {½-½ (41) Barzen,P (2292)-Braeuning,R (2285) Magdeburg 2019}) 8. O-O Bg4 {B25: Closed Sicilian: 3 g3, lines without early Be3.} 9. h3 Bxf3 10. Qxf3 Nd4 {White is slightly better.} 11. Qf2 b4 12. Nd1 Nf6 {[#]} 13. Ne3 $146 (13. a3 $16) ({Predecessor:} 13. c3 bxc3 14. bxc3 Nb5 15. e5 Nd7 16. a4 Nc7 17. exd6 exd6 18. Re1+ Ne6 19. f5 gxf5 20. Qxf5 {0-1 (59) Stefanov,E (1959)-Iminov,B (1842) Hersonissos 2018}) 13... O-O 14. g4 (14. c3 $5 {[%cal Rc3d4]} bxc3 15. bxc3 $14) 14... Nd7 15. g5 (15. a3 $14 {keeps the upper hand.}) 15... f6 $1 $36 {[%mdl 2048] Black is really pushing.} 16. h4 $2 (16. gxf6 $17 Nxf6 17. Bf3) 16... fxg5 $1 $19 17. hxg5 {[#]} Rxf4 $1 {[%mdl 512]} 18. Qe1 (18. Qxf4 Ne2+) 18... e5 19. c3 Ne6 ({Worse is} 19... Qxg5 20. cxd4 Rbf8 21. dxc5 $11) 20. Nd5 Rxf1+ 21. Qxf1 Nxg5 22. Qf2 (22. cxb4 $142 cxb4 23. Be3) 22... bxc3 23. bxc3 Nb6 24. Qg3 (24. Bxg5 $142 Qxg5 25. Qe3 Qxe3+ 26. Nxe3) 24... Nxd5 25. exd5 h6 (25... Bh6 $142 26. Kh1 Nf7 27. Bxh6 Nxh6) 26. Bxg5 Qxg5 ({Much less strong is} 26... hxg5 27. Be4 $15) 27. Qxg5 hxg5 {[%mdl 4096] Endgame KRB-KRB} 28. Be4 g4 (28... Rb2 $1 $19 {has better winning chances.} 29. a4 Bf6 30. Bxg6 e4 $1 {[%mdl 512]} 31. Bxe4 Bxc3) 29. Kg2 $17 Bh6 {And now ...Bf4 would win.} 30. Kg3 Bd2 (30... c4 $5 31. dxc4 Rc8 $15) 31. c4 Kg7 32. Kxg4 Bf4 33. a4 a5 34. Kf3 Rb4 (34... Bh2 $11) 35. Rg1 $14 g5 36. Rh1 Rxa4 37. Rh7+ Kf8 38. Kg4 ({White should play} 38. Rd7 $16) 38... Ra1 $2 {[%mdl 8192] [#]} (38... Ra2 $11 {and Black stays safe.}) 39. Kf5 $1 $18 Ke8 $2 (39... Rb1 40. Kf6 Kg8 41. Rg7+ Kf8) 40. Ke6 {[%cal Rh7h8]} Kd8 (40... Kf8 $18 41. Kxd6 Rb1) 41. Kxd6 {[%cal Rh7h8] White mates.} Kc8 42. Kc6 {[%cal Rh7h8]} Ra2 43. Rh8# {[%mdl 32768] White used his chance. Accuracy: White = 56%, Black = 51%. . An unexpected result.} 1/2-1/2